| 000 | 03850nam a22003974i 4500 | ||
|---|---|---|---|
| 001 | 991061733742906706 | ||
| 003 | ES-BaIT | ||
| 005 | 20260317110249.0 | ||
| 008 | 260317e202602 sp |||||| 000 d spa c | ||
| 017 |
_aDL SG 156-2025 _bOficina DL Segovia |
||
| 020 | _a9788418782732 | ||
| 040 |
_aES-BaIT _bcat _erda _cES-BaIT |
||
| 080 | _a840-2"20" | ||
| 100 |
_aMouawad, Wajdi _eautor, _eentrevistat _986484 |
||
| 240 | 1 |
_aSang des promesses. _lCastellà _9169039 |
|
| 245 | 1 | 0 |
_aLa Sangre de las promesas : _bLitoral, Incendios, Bosques, Cielos / _cWajdi Mouawad ; traducción de Coto Adánez |
| 250 | _aPrimera edición | ||
| 264 | 1 |
_aSegovia : _bEdiciones La uÑa RoTa, _cfebrero 2026 |
|
| 336 |
_atext _btxt _2rdacontent |
||
| 337 |
_asense mediació _bn _2rdamedia |
||
| 338 |
_avolum _bnc _2rdacarrier |
||
| 490 | 1 | _aLibros robados | |
| 505 | 8 | _aConté: Con Wajdi Mouawad / Entrevista de Sylvain Diaz -- Litoral -- Incendios -- Bosques -- Cielos | |
| 520 | _a"Por primera vez en castellano se reúnen en un solo volumen las cuatro obras que componen La sangre de las promesas de Wajdi Mouawad ‒Litoral, Incendios, Bosques y Cielos‒, una de las cumbres del teatro del siglo XXI, y ya parte esencial de la historia de la literatura contemporánea.Esta edición incluye además una minuciosa y cuidadosa entrevista a Mouawad por Sylvain Diaz, inédita en español, en la que el autor reflexiona sobre su poética.«Tenía 25 años cuando comenzó esta aventura. La terminé con 41. Puedo decir, entonces, que no he hecho otra cosa en este periodo de tiempo…, y recién ahora me doy cuenta.Litoral, Incendios, Bosques, Cielos.Son cuatro palabras que me enseñaron a leer, a escribir, a hablar, a contar. Me enseñaron a pensar. Me enseñaron que en el cruce de caminos podía estar el otro. Que la infancia era un cuchillo clavado en la garganta. Que la vida está hecha para ser entregada, aunque eso signifique perderla, romperla, aniquilarla.*Litoral, Incendios, Bosques, Cielos, un deseo de recomponer lo perdido, de traer de nuevo los elementos a la vida. Arrancado del mar, nace Litoral; arrancado del deseo, surge Incendios; arrancado de la montaña, brota Bosques; arrancado de los pájaros, Cielos».Wajdi Mouawad". «Todos los personajes de la tetralogía de Wajdi Mouawad están movidos por promesas que han hecho o que han heredado, por algunas que han sido cumplidas y por otras que no consiguen llevar a cabo o que han sido traicionadas. […] Promesas que funcionan como motor de las historias de Litoral, Incendios o Bosques. En las tres se expresa un vínculo fundamental a través del cuidado, de la muerte y del amor. Las tres tendrán que enfrentarse a los obstáculos de una sociedad que no solo niega, sino que destruye cualquier forma de vínculo. Vivir juntos es hacer imposible vivir juntos, y por eso los jóvenes de la cuarta pieza, Cielos, se rebelarán contra las promesas obsoletas de los padres. ¿Hasta dónde podemos hacernos cargo de los compromisos que anudan las vidas de padres e hijos, de hermanos, pueblos y sociedades?». Marina Garcés, El tiempo de la promesa -- Contracoberta | ||
| 700 | 1 |
_aAdánez del Hoyo, Coto _etraductor _9141811 |
|
| 700 | 1 | 2 |
_iContenidor de ( expressió) : _aMouawad, Wajdi. _tLittoral. _lCastellà _9169040 |
| 700 | 1 | 2 |
_iContenidor de ( expressió) : _aMouawad, Wajdi. _t Incendies. _l Castellà _9169041 |
| 700 | 1 | 2 |
_iContenidor de (expressió) : _aMouawad, Wajdi. _tForêts. _lCastellà _9169042 |
| 700 | 1 | 2 |
_iContenidor de (expressió) : _aMouawad, Wajdi. _t Ciels. _lCastellà _9169043 |
| 700 | 1 | 2 |
_iContenidor de (expressió) : _aMouawad, Wajdi. _tAvec Wajdi Mouawad (Tout est écriture). _lCastellà _9169044 |
| 700 |
_aDiaz, Sylvain _eentrevistador _9142001 |
||
| 830 | 0 |
_aColección Libros robados _997177 |
|
| 908 | _aCDMAE | ||
| 940 | _aCDMAE | ||
| 942 |
_2udc _c1 |
||
| 999 |
_c137286 _d137286 |
||